000 02078cam a22004934i 4500
003 PE-LiUPU
005 20250731173553.0
008 150616s r 000 0 d
020 _a0800628470
035 _a(Sirsi) i9780800628475
040 _aPE-LiUPU
_bspa
_cPE-LiUPU
_erda
049 _aPRUA
082 0 4 _a233.11
_bA57F
_221
100 1 _aAnderson, Bernhard W.,
_eautor.
245 1 0 _aFrom Creation to New Creation; Old Testament Perspectives /
_cBemhard W. Anderson.
264 1 _aMinneapolis, MN. :
_bFortress Press,
_c1994.
300 _a256 páginas ;
_c22 centímetros
336 _atext
_2rdacontent
337 _aunmediated
_2rdamedia
338 _avolume
_2rdacarrier
490 0 _aOvertures to biblical Theology. Biblical Studies
504 _aBibliografía al pie de páginas.
505 0 _aThe earth is the lord's.- Biblical perspectives on the doctrine of creation.- The priestly creation story: a stylistic study.- The flood story in context: from analysis to synthesis.- Mythopoeic and theological dimensions of biblical creation account in Genesis.- Human dominion over nature.- Relation between the human nonhuman creation in the biblical primaveral history.- Creation and the noatic covenant.- The tower of Babel: unity and diversity in God's creation.- Etc.
526 _aSEG42
526 _aSEG41
526 _aSEG40
526 _aSEG39
526 _aP94
526 _aP87
526 _aP86
526 _aP85
526 _aP77
526 _aP76
526 _aP35
630 _aBiblia.
_pA.T.
_xCreacionbismo.
650 0 4 _aCreación.
910 _ajck
_bjvq
_cjck
942 _2ddc
_cBOOK
949 _a233.11 A57F
_wDEWEY
_c1
_i43297
_lCCODEBUL1
_mBUL
_r0
_sY
_tBOOK
_u2015-6-16
_xTEOLOGIA
_zUNKNOWN
_0COMPRA
_o.STAFF. Colección General
994 _aC0
_bPEPRU
596 _a1
999 _a233.11 A57F
_wDEWEY
_c61264
_i43297
_f2021-11-10
_g5
_lCCODEBUL1
_mBUL
_r0
_sY
_tBOOK
_u2015-6-16
_xTEOLOGIA
_zUNKNOWN
_0COMPRA
_o.STAFF. Colección General
_d61264
980 _81
_gALBERTO SANCHEZ Responsable de Automatización